Atrapad la vida: lecciones de cine para escultores del tiempo

Na minha lista:
Detalhes bibliográficos
Autor principal: Tarkovski, Andréi Arsenyevich (Author)
Formato: Livro
Idioma:espanhol
Publicado em: Madrid Errata Naturae 2016
Edição:1a. ed
Colecção:Colección La Muchacha de Dos Cabezas
Assuntos:
Tags: Adicionar Tag
Sem tags, seja o primeiro a adicionar uma tag!

MARC

LEADER 00000cam a2200000 a 4500
001 UCC1446
003 CL-VaPUC
008 171025e20160000sp |||||||||||||||||spa|d
020 |a 9788416544295 
082 0 4 |a 791.43  |b TAR  |2 21 
100 0 |a Tarkovski, Andréi Arsenyevich  |e author  |9 595537 
245 1 0 |a Atrapad la vida: lecciones de cine para escultores del tiempo 
250 |a 1a. ed 
300 |a 181 p 
942 |c BK 
945 |d 20171025 21:08:00  |a arojas 
260 |a Madrid  |b Errata Naturae  |c 2016 
650 0 |a Cineastas  |9 335320 
650 0 |a Directores de cine  |9 368705 
650 0 |a Crítica de cine   |9 267411 
650 7 |a LECCIONES  |2 CL-VaPUC  |9 351131 
583 |a last modification  |c 20171025 21:08:00  |k Rodrigo Vera 
490 0 |a Colección La Muchacha de Dos Cabezas 
999 |c 369949  |d 369947 
952 |0 0  |1 0  |3 erb  |4 0  |6 791_430000000000000_TAR_2016  |7 0  |8 A  |9 486133  |a BIBART  |b BIBART  |i 5431883  |o 791.43 TAR 2016  |p 5431883  |r 2023-01-11  |w 2019-11-24  |y BK  |z Catalogado en:20171025  |k ART